000 00963nas a2200313 4500
001 BR0900203
003 BR-BrBNA
005 20231205113022.0
007 ta
008 230509b bl.|||p| |||| 00| 00por d
040 _aBR-BrBNA
_bpor
_cBiblioteca Nacional de Agricultura
041 _a(Pt)
072 _aL72; L73; C20
100 1 _aRocha, C.M.B.M. da
100 1 _aOliveira, P.R. de
100 1 _aLeite, R.C.
100 1 _aCardoso, D.L.
100 1 _aCalic, S.B.
100 1 _aFurlong, J.
245 1 _aPercepção dos produtores de leite do município de Passos, MG, sobre o carrapato Boophilus microplus (Acari: Ixodidae), 2001.
650 _aCARRAPATO
650 _aPRAGA DE ANIMAL
650 _aBOVINO
650 _aEXTENSÃO RURAL
650 _aMINAS GERAIS
773 0 _tCiência Rural (Brazil)
_xISSN 0103-8478
_g(Jul-Aug 2006), v. 36(4) p. 1235-1242
_wBR0900203
909 _a202311
_bLúcia
_c55
_dLúcia Elande
942 _2AGRIS
_n0
_cANA
999 _c201364
_d201364